LIBRARY & INFORMATION CENTRE, KCAET, TAVANUR

ONLINE PUBLIC ACCESS CATALOGUE (OPAC)

Pausthovskyude thirenheduth kathakal / (Record no. 12618)

MARC details
000 -LEADER
fixed length control field 00493cam a2200181ua 4500
041 ## - LANGUAGE CODE
Language code of text/sound track or separate title mal
082 ## - DEWEY DECIMAL CLASSIFICATION NUMBER
Classification number 894.812301
Item number pra/pa
100 ## - MAIN ENTRY--AUTHOR NAME
Personal name Prabhakaranunni, M .
245 ## - TITLE STATEMENT
Title Pausthovskyude thirenheduth kathakal /
250 ## - EDITION STATEMENT
Edition statement 1 /
260 ## - PUBLICATION, DISTRIBUTION, ETC. (IMPRINT)
Place of publication Trivandrum :
Name of publisher Prabhatham printing and publishing co. pvt. ltd. ,
Year of publication 1967.
300 ## - PHYSICAL DESCRIPTION
Number of Pages 128 ; .
942 ## - ADDED ENTRY ELEMENTS (KOHA)
Koha item type Books
Holdings
Withdrawn status Lost status Damaged status Home library Current library Date acquired Full call number Accession Number Koha item type
      KAUAET KAUAET 07/04/2012 894.812301 12060 Books
free website counter